000 00443nam a22001817a 4500
003 OSt
005 20251003142845.0
008 251003b |||||||| |||| 00| 0 eng d
020 _a9788189228897
082 _a891.432
_b RAHC
100 _aRahi, Ashok
245 _aChampakali ka ramrupeeya or Rangili bhagmati
260 _aJaipur
_bRachana Prakashan
300 _a104p.
546 _aHindi
651 _aHindi Drama
942 _2ddc
_cBK
999 _c3869
_d3869